000 01147nam a2200289 4500
005 20260322212026.0
008 data
010 _a 70093396
040 _aDLC
_cDLC
_dDLC
050 0 0 _aNE2165.R5
_bH3 1970
082 0 0 _a769/.924
092 _a769 H3 1970
245 0 4 _aThe complete etchings of Rembrandt.
_cedited by Rembrandt Harmenszoon van Rijn ... [et al.].
260 _a[New York]
_bBounty Books
_c[1970]
300 _a251 p. (p. 33-228, 231-250 illus.)
_c32 cm.
500 _a"A rambling story; Van Dongen here recounts the life of Rembrandt and writes, in this connection, about Holland, women, and art": p. [11]-31.
504 _aBibliography: p. 251.
700 1 _aRembrandt Harmenszoon van Rijn,
_d1606-1669.
700 1 _aHarris, Bruce S.,
_eed.
700 1 _aHarris, Seena,
_eed.
700 1 _aGetlein, Frank.
700 1 _aDongen, Kees van,
_d1877-1968.
_tVan Dongen raconte ici la vie de Rembrandt. English. Selections 1970.
906 _a7
_bcbc
_corignew
_du
_encip
_f19
_gy-gencatlg
991 _bc-GenColl
_hNE2165.R5
_iH3 1970
_tCopy 1
_wBOOKS
991 _bc-GenColl
_hNE2165.R5
_iH3 1970
_p00033711116
_tCopy 2
_wCCF
001 data
999 _c588
_d588